Owen Roberts Int. Airport Destinations (George Town, Cayman Islands) - Statistics

General Stats
  • This quiz has been taken 47 times
    14 since last reset
  • The average score is 24 of 30
Answer Stats
Airline Destination % Correct
Delta Air Lines Atlanta
100%
American Airlines/United Airlines Chicago (O'Hare)
100%
United Airlines Houston (Intercontinental)
100%
British Airways London (Heathrow)
100%
American Airlines/Cayman Airways Miami
100%
Southwest Airlines Orlando
100%
Southwest Airlines Baltimore
91%
JetBlue Boston
91%
American Airlines Charlotte
91%
American Airlines Dallas/Fort Worth
91%
Cayman Airways/Delta Air Lines/JetBlue New York (JFK)
91%
American Airlines Philadelphia
91%
Cayman Airways Tampa
91%
Air Canada Rouge/Porter Airlines/WestJet Toronto (Pearson)
91%
United Airlines Washington (Dulles)
91%
Cayman Airways Denver
82%
Cayman Airways Los Angeles
82%
British Airways Nassau
82%
United Airlines Newark
82%
Delta Air Lines/Sun Country Airlines Minneapolis/St. Paul
73%
Delta Air Lines Detroit
64%
JetBlue/Spirit Airlines Fort Lauderdale
64%
Cayman Airways Havana
64%
Cayman Airways Kingston (Norman Manley)
64%
Cayman Airways Montego Bay
64%
Porter Airlines Ottawa
64%
Cayman Airways/Cayman Airways Express Cayman Brac
55%
Cayman Airways Express Little Cayman
45%
Cayman Airways Panama City (Tocumen)
45%
Cayman Airways La Ceiba
27%
No matching quizzes found
Score Distribution
Percent of People with Each Score
Percentile by Number Answered
Your Score History
You have not taken this quiz since the last reset